| 000 | 00469nam a2200157Ia 4500 | ||
|---|---|---|---|
| 008 | 240729s9999 xx 000 0 und d | ||
| 022 | _a2580-2402 | ||
| 245 | 0 | _aJournal of Mechanical Engineering Science and Technology | |
| 260 | _aIndonesia | ||
| 260 | _bUniversitas Negeri Malang | ||
| 650 | _a Mechanical engineering and machinery | ||
| 650 | _aTechnology | ||
| 856 | _uhttps://doaj.org/toc/75f947b8e3dd4cc887a9ccdb38bf1258 | ||
| 942 | _2ddc | ||
| 942 | _cDOAJEJ | ||
| 999 |
_c68810 _d68810 |
||
| 945 |
_a1 _bMadushi Gamage _c1 _dMadushi Gamage |
||